Warning, your home may still be at risk (Record no. 80260)

MARC details
000 -LEADER
fixed length control field 00743cab a22001935a 4500
001 - CONTROL NUMBER
control field L143728
008 - FIXED-LENGTH DATA ELEMENTS--GENERAL INFORMATION
fixed length control field 080507e20080523xxkd f 000 0 eng d
035 ## - SYSTEM CONTROL NUMBER
System control number (Sirsi) u143728
041 0# - LANGUAGE CODE
Language code of text/sound track or separate title eng
100 1# - MAIN ENTRY--PERSONAL NAME
Personal name Morrison, Doug
245 00 - TITLE STATEMENT
Title Warning, your home may still be at risk
Remainder of title market watch 2008 part five
260 ## - PUBLICATION, DISTRIBUTION, ETC.
Date of publication, distribution, etc. 2008
490 #0 - SERIES STATEMENT
Series statement Property Week
Volume/sequential designation 73(21), 23 May 2008, 48-50(3)
520 ## - SUMMARY, ETC.
Summary, etc. Considers the impact of the credit crunch on the residential housing market. Discusses how sale-and-rent-back companies are benefiting from the housing market downturn and calls for them to be regulated.
590 ## - LOCAL NOTE (RLIN)
Local note KA
651 #4 - SUBJECT ADDED ENTRY--GEOGRAPHIC NAME
Geographic name United Kingdom
Chronological subdivision
690 ## - LOCAL SUBJECT ADDED ENTRY--TOPICAL TERM (OCLC, RLIN)
Topical term or geographic name as entry element PROPERTY-RESIDENTIAL PROPERTY-RESIDENTIAL PROPERTY MARKET
942 ## - ADDED ENTRY ELEMENTS (KOHA)
Suppress in OPAC 0
Holdings
Withdrawn status Lost status Source of classification or shelving scheme Damaged status Not for loan Home library Current library Shelving location Date acquired Total Checkouts Full call number Barcode Date last seen Copy number Price effective from Koha item type
    Dewey Decimal Classification     London London Journal article 28/05/2008   L143728 143728-1001 06/08/2019 1 06/08/2019 Journal article